00677nam a2200229Ia 450000500170000000800410001702000150005808200200007310000130009310000140010624500460012026000670016626000350023330000120026865000100028065000110029065000150030165000140031694200060033095200960033699900150043220250217045320.0240331s9999 xx 000 0 und d a9679973220 bWEL2291a305.4 aWells, T aSim, F. G 0aTill They Have Faces:bWomen as Consumers aMalaysiabInternational Organization of Consumers Unionsc1987 aRomebIsis Internationalc1987 a133 p., aWomen aHealth aTechnology aTransport cL 001040708LaWERCLbWERCLcSSCd2024-03-31l0o 305.4 WELp291r2024-03-31w2024-03-31yL c1725d1725